[Event "SRB-chT Cup"]
[Site "Kragujevac"]
[Date "2016.04.21"]
[Round "3.5"]
[White "Dragasevic, Dragan"]
[Black "Ostojic, Nikola"]
[Result "0-1"]
[WhiteElo "2229"]
[BlackElo "2434"]
[PlyCount "82"]
[EventDate "2016.04.20"]
[EventType "team-swiss"]
[EventRounds "7"]
[EventCountry "SRB"]
[SourceTitle "CBM 172 Extra"]
[Source "ChessBase"]
[SourceDate "2016.06.21"]
[SourceVersion "1"]
[SourceVersionDate "2016.06.21"]
[SourceQuality "1"]
[WhiteTeam "Ljig Spartak"]
[BlackTeam "Vladimirci"]
[WhiteTeamCountry "SRB"]
[BlackTeamCountry "SRB"]

1. d4 Nf6 2. Nf3 g6 3. c4 Bg7 4. Nc3 0-0 5. g3 d6 6. Bg2 Nc6 7. d5 Na5 8. Qd3 c5 9. 0-0 a6 10. Re1 Rb8 11. Nd2 b5 12. e4 Ng4 13. cxb5 axb5 14. Nf3 b4 15. Nd1 Qb6 16. h3 Ba6 17. Qc2 Ne5 18. Nxe5 Bxe5 19. Bf1 Bxf1 20. Rxf1 b3 21. Qe2 bxa2 22. Rxa2 Nb3 23. Bg5 Qc7 24. Kg2 Rb4 25. Nc3 Bg7 26. Re1 Rfb8 27. Qd1 Nd4 28. Qd2 Qb7 29. Nd1 f6 30. Be3 f5 31. f3 fxe4 32. fxe4 e6 33. Bf4 exd5 34. Bxd6 dxe4 35. Re3 Nb3 36. Qc2 Rc8 37. Ra3 Rb6 38. Raxb3 Rxb3 39. Rxb3 Qd5 40. Re3 Kf7 41. Nc3 Qd4 0-1

[Event "SRB-chT 1st League"]
[Site "Vrnjacka Banja"]
[Date "2006.10.07"]
[Round "5.1"]
[White "Dragasevic, Dragan"]
[Black "Jovanovic, Dusan D"]
[Result "0-1"]
[WhiteElo "2149"]
[BlackElo "2240"]
[PlyCount "110"]
[EventDate "2006.09.09"]
[EventType "team"]
[EventRounds "11"]
[EventCountry "SRB"]
[SourceTitle "EXT 2012"]
[Source "ChessBase"]
[SourceDate "2011.11.24"]
[SourceVersion "1"]
[SourceVersionDate "2011.11.24"]
[SourceQuality "1"]
[WhiteTeam "Ljig Spartak"]
[BlackTeam "Kragujevac Radnicki"]
[WhiteTeamCountry "SRB"]
[BlackTeamCountry "SRB"]

1. d4 Nf6 2. Nf3 e6 3. Bg5 h6 4. Bh4 c5 5. e3 b6 6. Nbd2 Bb7 7. Be2 Be7 8. 0-0 d6 9. c3 Nbd7 10. Re1 0-0 11. Bd3 Qc7 12. e4 e5 13. d5 a6 14. b3 Qd8 15. Bxf6 Nxf6 16. Nf1 g6 17. Ne3 Bc8 18. Qd2 Kh7 19. g3 Nh5 20. Qc2 Ra7 21. Rab1 b5 22. c4 b4 23. a3 a5 24. Ra1 Qb6 25. Ra2 Bd7 26. Rea1 Rfa8 27. axb4 axb4 28. Rxa7 Rxa7 29. Qb1 Qb8 30. Rxa7 Qxa7 31. Kg2 Ng7 32. h4 Kh8 33. Nh2 h5 34. Nf3 Qa8 35. Bc2 Ne8 36. Bd3 Bf8 37. Kh2 Bh6 38. Bf1 Bxe3 39. fxe3 Nf6 40. Bh3 Bxh3 41. Kxh3 Qc8+ 42. Kg2 Qg4 43. Ng1 Qxe4+ 44. Qxe4 Nxe4 45. Nf3 Kg7 46. Kh3 f6 47. Kg2 g5 48. hxg5 fxg5 49. g4 hxg4 50. Ne1 Kf6 51. Nd3 Kf5 52. Kh2 Nd2 53. Kg3 Nxb3 54. Nf2 Nd2 55. Nxg4 b3 0-1